000
00307nam a2200109 4500
008
160629b xxu||||| |||| 00| 0 eng d
100
_9
1361
_a
Ball, J., et al
245
_a
Young Discoverer Series - Plants
260
_a
Mumbai
_b
Popular
_c
2005
300
_a
Young Discoverer Series - Plants
942
_2
ddc
_c
BK
999
_c
1120
_d
1120